Central Library OPAC University of Rajshahi

Christendom and Islam : (Record no. 38842)

MARC details
000 -LEADER
fixed length control field 00756nam a2200217 a 4500
001 - CONTROL NUMBER
control field 38842
003 - CONTROL NUMBER IDENTIFIER
rucl marc code BD-RjUL
005 - DATE AND TIME OF LATEST TRANSACTION
control field 20211209052853.0
008 - FIXED-LENGTH DATA ELEMENTS--GENERAL INFORMATION
fixed length control field 500101s1937 enkb 000 0 eng d
035 ## - SYSTEM CONTROL NUMBER
System control number (BD-RjUL)38951
040 ## - CATALOGING SOURCE
Original cataloging agency GUA
Transcribing agency GUA
Modifying agency OCL
-- EQO
Language of cataloging eng
082 ## - DEWEY DECIMAL CLASSIFICATION NUMBER
Edition number 23
Classification number 261.27
Author mark and year CAC 1937
100 1# - MAIN ENTRY--PERSONAL NAME
Personal name Cash, W. Wilson
Fuller form of name (William Wilson),
Dates associated with a name 1880-1955.
9 (RLIN) 223271
245 10 - TITLE STATEMENT
Title Christendom and Islam :
Remainder of title their contacts and cultures down the centuries /
Statement of responsibility, etc. by W. Wilson Cash.
260 ## - PUBLICATION, DISTRIBUTION, ETC. (IMPRINT)
Place of publication, distribution, etc. London :
Name of publisher, distributor, etc. Student Christian Movement Press,
Date of publication, distribution, etc. 1937.
300 ## - PHYSICAL DESCRIPTION
Pagination 196 p. :
Illustrations Ill. ;
Size 20 cm.
504 ## - BIBLIOGRAPHY, ETC. NOTE
Bibliography, etc Includes bibliographical references
650 #0 - SUBJECT ADDED ENTRY--TOPICAL TERM
Topical term or geographic name as entry element Christianity and other religions
General subdivision Islam.
9 (RLIN) 223272
Topical term or geographic name as entry element Islam
General subdivision Missions.
9 (RLIN) 223273
942 ## - ADDED ENTRY ELEMENTS (KOHA)
Source of classification or shelving scheme Dewey Decimal Classification
Koha item type Rare Books
Holdings
Lost status Source of classification or shelving scheme Damaged status Not for loan Collection code Permanent Location Current Location Shelving location Date acquired Source of acquisition Cost, normal purchase price Total Checkouts Full call number Date last seen Copy number Koha item type
  Dewey Decimal Classification   Not For Loan Rare Books Central Library, University of Rajshahi Central Library, University of Rajshahi Rare Book Section 18/11/1966 Dacca, A. I. Qureshi 19.60   RA 261.27 CAC 1937 04/10/2018 C-1 Rare Books